| 000 | 02278cam a2200625 i 4500 | ||
|---|---|---|---|
| 001 | 31953 | ||
| 003 | KOSZ 005 | ||
| 005 | 20250628063603.0 | ||
| 008 | 250627s1996 pl a f 000 0 pol c | ||
| 020 | _a8370174701 | ||
| 035 | _avtls000588258-48omnis_network | ||
| 035 | _axx003536612 | ||
| 035 | _axx001294413 | ||
| 035 | _azz2004882957 | ||
| 035 | _azz2007926495 | ||
| 035 | _axx002387588 | ||
| 035 | _add2000306145 | ||
| 035 | _azz2003891087 | ||
| 035 | _axx001866918 | ||
| 035 | _azz2007820770 | ||
| 035 | _a(PL)b0000060077161 | ||
| 035 | _a9912932318005606 | ||
| 040 |
_aWA N _cWA N _dKOSZ 005/RW |
||
| 046 | _k1993 | ||
| 080 | _a005 | ||
| 080 | _a(075.8) | ||
| 245 | 0 | 0 |
_aOrganizacja i zarządzanie / _cAlfred Czermiński [et al.] ; Uniwersytet Gdański. |
| 250 | _aWydanie I (dodruk). | ||
| 260 |
_aGdańsk : _bWydawnictwo Uniwersytetu Gdańskiego, _c1993. |
||
| 300 |
_a184 strony : _brysunki, wykresy ; _c24 cm. |
||
| 336 |
_aTekst _btxt _2rdacontent |
||
| 337 |
_aBez urządzenia pośredniczącego _bn _2rdamedia |
||
| 338 |
_aWolumin _bnc _2rdacarrier |
||
| 380 | _aKsiążki | ||
| 380 | _aPublikacje dydaktyczne | ||
| 385 |
_mPoziom nauczania _aSzkoły wyższe |
||
| 388 | 1 | _a1901-2000 | |
| 388 | 1 | _a1989-2000 | |
| 500 | _aW obrębie wydania kolejne nakłady i dodruki w latach: 1994, 1995, 1996, 1997, 1998, 2000, 2001. | ||
| 504 | _aBibliografia przy rozdziałach. | ||
| 521 | 8 | _aPodręcznik dla studentów studiów dziennych uniwersytetów, uczelni ekonomicznych i technicznych oraz studiów zaocznych i podyplomowych. | |
| 650 | 7 |
_aOrganizacja _2DBN |
|
| 650 | 7 |
_aZarządzanie _2DBN |
|
| 655 | 7 |
_aPodręczniki akademickie _2DBN |
|
| 658 | _aZarządzanie i marketing | ||
| 700 | 1 |
_aCzermiński, Alfred _d(1923-2011) _eAutor |
|
| 700 | 1 |
_aCzerska, Małgorzata _d(1946-2020) _eAutor |
|
| 700 | 1 |
_aNogalski, Bogdan _d(1946- ) _eAutor |
|
| 700 | 1 |
_aRutka, Ryszard _d(1946- ) _eAutor |
|
| 710 | 2 | _aUniwersytet Gdański | |
| 710 | 2 |
_aWydawnictwo Uniwersytetu Gdańskiego _4pbl |
|
| 856 |
_uhttps://koha.tu.koszalin.pl/cgi-bin/koha/opac-detail.pl?biblionumber=31953 _yKatalog online BPK |
||
| 942 |
_2UKD _cKS |
||
| 999 |
_c31953 _d31953 |
||